000 00275nam a22001217a 4500
020 _a81-8022-087-7
082 _a823
_bPRI/C
100 _aPRIORITY PUBLICATIONS
245 _aCONTRACTION
260 _aINDIA
_bPRIORITY PUBLICATION
650 _aENGLISH SHORT STORY
942 _cBK
999 _c3404
_d3404